000 00866cam a22002771 4500
001 ne 63001718
003 DLC
005 20260227111749.0
008 850228s1963 tu f b 000 0 tur
010 _ane 63001718
035 _a(OCoLC)11749365
040 _aDLC
_cCLU
_dDLC
041 0 _atur
_bger
042 _apremarc
050 0 0 _aNA1370
_b.E9
100 1 _aEyice, Semavi.
245 1 0 _aSon devir Bizans mimarisi;
_bİstanbul'da Palaiologos'lar devri anıtları.
260 _aİstanbul,
_c1963.
300 _a110 p., 88 p. of plates.
_c24 cm.
490 0 _aİstanbul Üniversitesi, Edebiyat Fakültesi yayınları,
_vno. 999
490 0 _aTürkiyede Ortaçag sanatı araştırmaları,
_v1
500 _aSummary in German.
504 _aBibliographical footnotes.
650 0 _aArchitecture
_zTurkey
_zIstanbul.
650 0 _aArchitecture, Byzantine.
999 _c46211
_d46211